Top 10 des pays les plus petits au monde - Statistiques

Statistiques générales
  • Ce quiz a été pris 310 fois
  • Le résultat moyen est 6 sur 10
Statistiques - réponses
Classement Km² Pays Continent % Correct
Numéro 1 0,44 Km² Vatican Europe
93%
Numéro 2 2 Km² Monaco Europe
91%
Numéro 5 61 Km² Saint-Marin Europe
78%
Numéro 6 160 Km² Liechtenstein Europe
76%
Numéro 9 316 Km² Malte Europe
60%
Numéro 3 21 Km² Nauru Océanie
55%
Numéro 4 26 Km² Tuvalu Océanie
55%
Numéro 7 261 Km² Saint-Christophe-Et-Niévès Amérique
42%
Numéro 10 344 Km² Grenade Amérique du Nord
34%
Numéro 8 300 Km² Maldives Asie
27%
Aucun quiz correspondant
Distribution des résultats
% des personnes avec chaque résultat
Percentile par nombre de réponses
Votre historique - résultats
Vous n’avez pas pris ce quiz